Statistics for Oxford Dictionaries Top 1000 English Words - 24 Start with N

Click here to take the quiz!

General Stats

  • This quiz has been taken 3,614 times
  • The average score is 12 of 24

Answer Stats

N% Correct
No
100%
Not
95%
New
79%
Name
78%
Now
77%
Never
74%
Near
67%
Night
58%
Nothing
57%
Need
56%
Note
55%
Next
53%
Nice
52%
Number
36%
Nature
32%
Nation
31%
Natural
31%
National
29%
News
29%
Normal
29%
Nearly
27%
Notice
24%
Necessary
16%
Network
7%

Score Distribution

Percentile by Number Answered

Percent of People with Each Score

Your Score History

You have not taken this quiz